000
00341nam a22001457a 4500
008
230320b ||||| |||| 00| 0 eng d
020
_a
9780759395923
041
_a
eng
080
_2
TENTH EDITION
_a
51
082
_a
51LAW
100
_a
22
101
_a
KONTABILITET
245
_a
ESSENTIALS OF ACCOUNTING
_c
LAWRENCE.D.M
942
_2
udc
_c
BK
999
_c
59396
_d
59396